01150nam a2200181 a 450000100080000000500110000800800410001910000130006024500980007326001390017130000120031052005610032265000120088370000230089570000200091870000130093870000170095121172702026-01-08 1999 bl uuuu u00u1 u #d1 aLIMA, D. aProdução e comercialização de sementes de dendê (Elaeis guineensis, Jacq.) pela Embrapa. aIn: WORKSHOP SOBRE MARKETING EM SEMENTES E MUDAS, 4.; SEMINARIO PRO-SEMENTES, 1., 1998, Gramado. Memoria... Passo Fundo: CESM-RSc1999 ap. 171. aO dendê é a oleaginosa de maior produção por hectare e ocupa o segundo lugar no mercado mundial de óleos vegetais. Na América do Sul a área cultivada com dendê ainda é pouco expressiva, embora exista grande perspectiva de expansão, devido às vastas superfícies potencialmente favoráveis, sobretudo na Amazônia. Desde 1992, o Centro de Pesquisa Agroflorestal da Amazônia Ocidental (CPAA), que possui a mais completa coleção de germoplasma de dendê do continente americano ingressou no mercado de produção e comercialização de sementes. aSemente1 aCUNHA, R. N. V. da1 aNUNES, C. D. M.1 aNOUY, B.1 aBERTHAUD, A.